<?xml version="1.0" encoding="UTF-8"?>
<record
    xmlns:xsi="http://www.w3.org/2001/XMLSchema-instance"
    xsi:schemaLocation="http://www.loc.gov/MARC21/slim http://www.loc.gov/standards/marcxml/schema/MARC21slim.xsd"
    xmlns="http://www.loc.gov/MARC21/slim">

  <leader>00761nam a22001817a 4500</leader>
  <controlfield tag="003">OSt</controlfield>
  <controlfield tag="005">20251030101424.0</controlfield>
  <controlfield tag="008">251030t1989    ag ||||| |||| 00| 0 spa d</controlfield>
  <datafield tag="040" ind1=" " ind2=" ">
    <subfield code="c">AR-RoUNCS</subfield>
    <subfield code="a">AR-RoUNCS</subfield>
  </datafield>
  <datafield tag="080" ind1=" " ind2=" ">
    <subfield code="0">378.4(82)(94)</subfield>
  </datafield>
  <datafield tag="110" ind1="2" ind2=" ">
    <subfield code="a">Universidad Nacional de Rosario.</subfield>
  </datafield>
  <datafield tag="245" ind1="1" ind2="0">
    <subfield code="a">Homenaje a la Reforma Universitaria /</subfield>
    <subfield code="b">Universidad Nacional de Rosario.</subfield>
  </datafield>
  <datafield tag="260" ind1=" " ind2=" ">
    <subfield code="a">Rosario :</subfield>
    <subfield code="b">UNR Editora,</subfield>
    <subfield code="c">1989.</subfield>
  </datafield>
  <datafield tag="300" ind1=" " ind2=" ">
    <subfield code="a">161 p. ;</subfield>
    <subfield code="b">21 cm.</subfield>
  </datafield>
  <datafield tag="505" ind1="2" ind2="0">
    <subfield code="t">La Reforma Universitaria / </subfield>
    <subfield code="r">Gabriel del Mazo --</subfield>
    <subfield code="t">Significaci&#xF3;n social de la reforma Universitaria /</subfield>
    <subfield code="r">Julio V. Gonz&#xE1;lez -- </subfield>
    <subfield code="t">Ciencias, maestros, universidades /</subfield>
    <subfield code="r">Deodoro Roca --</subfield>
    <subfield code="t">Juventud, entusiasmo y energ&#xED;a /</subfield>
    <subfield code="r">Jos&#xE9; Ingenieros.</subfield>
  </datafield>
  <datafield tag="650" ind1=" " ind2="4">
    <subfield code="a">UNIVERSIDADES</subfield>
    <subfield code="x">HISTORIA</subfield>
    <subfield code="z">ARGENTINA</subfield>
  </datafield>
  <datafield tag="942" ind1=" " ind2=" ">
    <subfield code="2">udc</subfield>
    <subfield code="c">OG</subfield>
    <subfield code="n">0</subfield>
  </datafield>
  <datafield tag="999" ind1=" " ind2=" ">
    <subfield code="c">667</subfield>
    <subfield code="d">667</subfield>
  </datafield>
  <datafield tag="952" ind1=" " ind2=" ">
    <subfield code="0">0</subfield>
    <subfield code="1">0</subfield>
    <subfield code="2">lcc</subfield>
    <subfield code="4">0</subfield>
    <subfield code="7">0</subfield>
    <subfield code="a">ESOCIALES</subfield>
    <subfield code="b">ESOCIALES</subfield>
    <subfield code="d">2025-10-30</subfield>
    <subfield code="l">0</subfield>
    <subfield code="o">378.4(82)(94) H765</subfield>
    <subfield code="p">000331</subfield>
    <subfield code="r">2025-10-30 10:13:10</subfield>
    <subfield code="w">2025-10-30</subfield>
    <subfield code="y">OG</subfield>
  </datafield>
</record>
